LIBRARY & INFORMATION CENTRE, KCAET, TAVANUR

ONLINE PUBLIC ACCESS CATALOGUE (OPAC)

Higher Engineering Mathematics (Record no. 19009)

MARC details
000 -LEADER
fixed length control field 00348nam a22001457a 4500
003 - CONTROL NUMBER IDENTIFIER
control field OSt
008 - FIXED-LENGTH DATA ELEMENTS--GENERAL INFORMATION
fixed length control field 250110b |||||||| |||| 00| 0 eng d
041 ## - LANGUAGE CODE
Language code of text/sound track or separate title eng
082 ## - DEWEY DECIMAL CLASSIFICATION NUMBER
Classification number 519.062
Item number GRE/HI
100 ## - MAIN ENTRY--AUTHOR NAME
Personal name Grewal, BS
245 ## - TITLE STATEMENT
Title Higher Engineering Mathematics
250 ## - EDITION STATEMENT
Edition statement 15th
260 ## - PUBLICATION, DISTRIBUTION, ETC. (IMPRINT)
Place of publication Delhi:
Name of publisher Khanna Publishers,
Year of publication 1985.
942 ## - ADDED ENTRY ELEMENTS (KOHA)
Koha item type Books
Holdings
Withdrawn status Lost status Damaged status Home library Current library Date acquired Cost, normal purchase price Full call number Accession Number Koha item type Source of acquisition
Withdrawn     KAUAET KAUAET 10/01/2025 47.50 519.062 GRE/HI 14805 Books  
      KAUAET KAUAET 10/01/2025   519.062 GRE/HI   Books M/S Minerva Book Stall, Thrissur
free website counter